Jakie imię damskie ma końcówkę -na - Statystyki

Ogólne statystyki
  • Ten quiz został rozwiązany 277 razy
    139 od ostatniego zresetowania
  • Średni wynik to 4 z 12
Statystyki odpowiedzi
Odpowiedź % Poprawnych
Anna
78%
Karolina
50%
Paulina
49%
Halina
41%
Zuzanna
39%
Alina
26%
Marzena
21%
Malwina
19%
Malwina
19%
Kalina
15%
Roksana
11%
Julianna
7%
Nie znaleziono quizów pasujących do podanych kryteriów
Rozkład punktacji
Procent ludzi z każdym wynikiem
Percentyl według liczby udzielonych odpowiedzi
Twoja historia wyników
Nie rozwiązałeś tego quizu od ostatniego zresetowania